000 00525nam a2200193 4500
003 OSt
005 20240724003833.0
006 a
008 240724b |||||||| |||| 00| 0 eng d
020 _a9789712721588
040 _aDWCL-Main lib.
_cOC
082 _aFil. 658.8 Ac168p 2009
100 _aAc-Ac, Maria Victoria M.
245 _aPrinciples of marketing /
260 _aPasig City:
_bAnvil Pub., Inc.,
_cc2009.
300 _ax,
_b285 p. : ill. ;
_c26 cm.
650 _a1. Marketing.
942 _2ddc
_n0
_cBK - FIL
_kFil.
999 _c2625
_d2625